ბათუმის შოთა რუსთაველის სახელმწიფო უნივერსიტეტის ბიბლიოთეკა

თხზულებანი (ბიბ.ჩანაწერი № 49996)

000 -LEADER
fixed length control field 00806nam a2200229Ia 4500
001 - CONTROL NUMBER
control field 16933
003 - CONTROL NUMBER IDENTIFIER
control field GE_BSU
008 - FIXED-LENGTH DATA ELEMENTS--GENERAL INFORMATION
fixed length control field 181216s||||||||xx |||||||||||||| ||und||
040 ## - CATALOGING SOURCE
Transcribing agency GE_BSU
080 ## - UNIVERSAL DECIMAL CLASSIFICATION NUMBER
Universal Decimal Classification number 82-93:821.353.1-1
100 ## - MAIN ENTRY--PERSONAL NAME
Personal name ერისთავი, რ.
245 ## - TITLE STATEMENT
Title თხზულებანი
245 ## - TITLE STATEMENT
Remainder of title ლექსები, პოემები
245 ## - TITLE STATEMENT
Statement of responsibility, etc. შეადგინა, წინასიტყვ. შენიშვნები და ლექსიკონი დაურთო ნ. ალანიამ
260 ## - PUBLICATION, DISTRIBUTION, ETC.
Place of publication, distribution, etc. თბილისი
260 ## - PUBLICATION, DISTRIBUTION, ETC.
Name of publisher, distributor, etc. ნაკადული
260 ## - PUBLICATION, DISTRIBUTION, ETC.
Date of publication, distribution, etc. 1974
300 ## - PHYSICAL DESCRIPTION
Extent 229გვ. ; 22სმ.
653 ## - INDEX TERM--UNCONTROLLED
Uncontrolled term თხზულებანი
653 ## - INDEX TERM--UNCONTROLLED
Uncontrolled term ლექსები, პოემები
942 ## - ADDED ENTRY ELEMENTS (KOHA)
Koha item type წიგნი
ეგზემპლარები
Withdrawn status Lost status Damaged status Not for loan Date acquired Barcode Date last seen Price effective from Koha item type
        2018-12-17 22012 2018-12-17 2018-12-17 წიგნი
        2018-12-17 22013 2018-12-17 2018-12-17 წიგნი
        2018-12-17 22014 2018-12-17 2018-12-17 წიგნი
        2018-12-17 22015 2018-12-17 2018-12-17 წიგნი
        2018-12-17 22016 2018-12-17 2018-12-17 წიგნი
        2018-12-17 22017 2018-12-17 2018-12-17 წიგნი
        2018-12-17 22018 2018-12-17 2018-12-17 წიგნი